000 00993nam a2200277 a 4500
001 24520
003 BD-RjUL
005 20211209001049.0
008 181007r19791946ii b b 001 0 eng d
035 _a(BD-RjUL)24587
040 _aBD-RjUL
_beng
_cBD-RjUL
_dBD-RjUL
041 _aeng
082 _223
_a297.0954
_bSMM 1979
100 1 _aSmith, Wilfred Cantwell,
_d1916-2000.
_9223314
245 1 0 _aModern Islām in India :
_ba social analysis /
_cby Wilfred Cantwell Smith.
250 _a2nd Revised ed. & Indian Reprint ed.
260 _aNew Delhi :
_bUsha Publications,
_c1946 [ Reprint 1979]
300 _aviii, 3396 p. :
_bmap ;
_c19 cm.
504 _aIncludes bibliographical references and index.
650 0 _aIslam
_zIndia.
_9223315
650 0 _aMuslims
_zIndia
_xIntellectual life.
_9223316
650 0 _aNationalism
_xReligious aspects
_zIndia.
_9223317
650 0 _aNationalism
_xReligious aspects
_xIslam.
_9223318
651 0 _aIndia
_xIntellectual life.
_9223319
942 _2ddc
_cBK
999 _c24520
_d24520